书目信息 |
| 题名: |
11G101新平法图集解析及案例分析
|
|
| 作者: | 陈怀亮 , 徐琳 主编 | |
| 分册: | 钢筋翻样与算量 (基础、承台、其他构件) | |
| 出版信息: | 北京 中国建筑工业出版社 2016.03 |
|
| 页数: | 199页 | |
| 开本: | 26cm | |
| 丛书名: | ||
| 单 册: | ||
| 中图分类: | TU375.01 , TU755.3 | |
| 科图分类: | ||
| 主题词: | 建筑工程--jian zhu gong cheng--配筋工程 , 钢筋混凝土结构--gang jin hun ning tu jie gou--结构计算 | |
| 电子资源: | ||
| ISBN: | 978-7-112-18320-3 | |
| 000 | 01216nam 2200277 450 | |
| 001 | CAL 0120161797157 | |
| 005 | 20190305093756.82 | |
| 010 | @a978-7-112-18320-3@dCNY35.00 | |
| 100 | @a20160615d2016 em y0chiy50 ea | |
| 101 | 0 | @achi |
| 102 | @aCN@b110000 | |
| 105 | @aak a 000yy | |
| 200 | 1 | @a11G101新平法图集解析及案例分析@A11G101 xin ping fa tu ji jie xi ji an li fen xi@i钢筋翻样与算量 (基础、承台、其他构件)@f陈怀亮, 徐琳主编 |
| 210 | @a北京@c中国建筑工业出版社@d2016.03 | |
| 215 | @a199页@c图@d26cm | |
| 320 | @a有书目 (第199页) | |
| 330 | @a本书以11G101-1系列图集、12G901系列图集为基础, 全面讲述了独立基础、条形基础、筏板基础、后浇带、柱墩、集水坑、柱帽等构件的钢筋工程计算。书中还列举了大量相关实例, 便于读者深刻理解书中所讲述的相关内容。 | |
| 517 | 1 | @a钢筋翻样与算量 (基础、承台、其他构件)@Agang jin fan yang yu suan liang ( ji chu 、 cheng tai 、qi ta gou jian ) |
| 606 | 0 | @a建筑工程@Ajian zhu gong cheng@x配筋工程 |
| 606 | 0 | @a钢筋混凝土结构@Agang jin hun ning tu jie gou@x结构计算 |
| 690 | @aTU375.01@v5 | |
| 690 | @aTU755.3@v5 | |
| 701 | 0 | @a陈怀亮@Achen huai liang@4主编 |
| 701 | 0 | @a徐琳@Axu lin@4主编 |
| 801 | 0 | @aCN@c20160615 |
| 905 | @a河南城建学院图书馆@dTU755.3@eC443@f3 | |
| 11G101新平法图集解析及案例分析.钢筋翻样与算量 (基础、承台、其他构件)/陈怀亮, 徐琳主编.-北京:中国建筑工业出版社,2016.03 |
| 199页:图;26cm |
| ISBN 978-7-112-18320-3:CNY35.00 |
| 本书以11G101-1系列图集、12G901系列图集为基础, 全面讲述了独立基础、条形基础、筏板基础、后浇带、柱墩、集水坑、柱帽等构件的钢筋工程计算。书中还列举了大量相关实例, 便于读者深刻理解书中所讲述的相关内容。 |
| ● |
| 相关链接 |
|
|
|
正题名:11G101新平法图集解析及案例分析
索取号:TU755.3/C443
 
预约/预借
| 序号 | 登录号 | 条形码 | 馆藏地/架位号 | 状态 | 备注 |
| 1 | 1260254 | 212602548 | 建筑库201/201建筑库 42排6列3层/ [索取号:TU755.3/C443] | 在馆 | |
| 2 | 1260255 | 212602557 | 建筑库201/201建筑库 42排6列2层/ [索取号:TU755.3/C443] | 在馆 | |
| 3 | 1260256 | 212602566 | 建筑库201/201建筑库 42排6列2层/ [索取号:TU755.3/C443] | 在馆 | |
| 4 | 1304745 | 213047451 | 建筑库201/201建筑库 42排6列2层/ [索取号:TU755.3/C443] | 在馆 |